Normale Ansicht MARC-Ansicht ISBD

Seine große Liebe heißt Polen. (Titelsatznr. 372546)

[ MARC ]
MARC-Details
000 -Satzkennung
Kontrollfeld mit fester Länge 00761nam a22001817a 4500
008 - Feld mit fester Länge zur physischen Beschreibung - Allgemeine Angaben
Kontrollfeld mit fester Länge 201222b ||||| |||| 00| 0 eng d
040 ## - Katalogisierungsquelle
Original-Katalogisierungsstelle DE-2950
Katalogisierungssprache ger
Übertragungsstelle DE-2950
Beschreibungsfestlegungen rda
041 ## - Sprachcode
Sprachcode des Textes/der Tonspur oder des separaten Titels ger
245 ## - Titel
Haupttitel Seine große Liebe heißt Polen.
Titelzusatz Neumark-Kenner. Der heute 88-jährige Jörg Lüderitz hat knapp 20 Bücher über die Menschen und das Land jenseits der Oder geschrieben /
Verantwortlichkeitsangabe Jörg Kotterba
264 ## - Veröffentlichungsangabe, Vertriebsangabe, Herstellungsangabe
Erscheinungs-, Vertriebs-, Herstellungsdatum 2023
653 ## - Lokales Schlagwort
Nicht-normierter Term Frankfurt (Oder)
653 ## - Lokales Schlagwort
Nicht-normierter Term Lüderitz, Jörg; Buchhändler, Autor, Heimatkundler, 1935-
773 ## - Übergeordnete Einheit
Titel Märkischer Markt
Ort, Verlag und Erscheinungsjahr Frankfurt (Oder): Märkisches Verlags- und Druckhaus GmbH & Co. KG
Verknüpfungsangaben 33. Jahrgang (2023) KW 24 vom 14.06.2023, S. 1: Foto
942 ## - Zusätzliche Felder (Koha)
Koha-Medientyp Aufsätze
Exemplare
Ausgeschieden Verloren Beschädigt Nicht entleihbar Permanenter Standort Aktueller Standort Aufstellungsort Eingabedatum Anzahl Ausleihen Signatur Letzte Aktivität Preis gültig von Medientyp
        Stadtarchiv Frankfurt (Oder) | Archivbibliothek Stadtarchiv Frankfurt (Oder) | Archivbibliothek Lesesaal 19/06/2023   Z3 19/06/2023 19/06/2023 Aufsätze